[Event "Klubbmesterskapet 2011"]
[Site "Ås, Akershus NOR"]
[Date "2011.02.14"]
[Round "3"]
[White "Garmark, Vegard"]
[Black "Simonsen, Steinar"]
[Result "1-0"]
[WhiteElo "1100"]
[BlackElo "1321"]
[Annotator "Lea,Per"]
[PlyCount "83"]
[EventDate "2011.01.20"]

1. e4 e6 2. d4 d5 3. Nc3 Nf6 4. e5 Nfd7 5. Nf3 c5 6. Be3 Nc6
7. Ne2 Qb6 8. Rb1 Qa5+ 9. Nc3 cxd4 10. Bxd4 Nxd4 11. Qxd4 Bc5 12. Qg4 Bf8 {
Den lille fordelen som svart hadde, går nå over til hvit. Bedre var:} (12...
O-O 13. Bd3 {Gaffelen som vi så under analysene, holder ikke:} (13. b4 Qa3 14.
Kd2 d4 15. bxc5 Qxc3+ 16. Kd1 Qxc5 $17) 13... f5 14. exf6 Nxf6 15. Qh4 Bd7 16.
O-O Qb4 $15) 13. Bd3 Nc5 14. Bb5+ Nd7 15. O-O Qc7 $2 16. Rfe1 a6 17. Bf1 $4 {
Det svinger! I følge Fritz 11 står hvit nesten til vinst:} (17. Nxd5 exd5 18.
e6 Kd8 19. Bxd7 Bxd7 20. Qg5+ f6 21. Qxd5 $18) 17... g6 18. Re2 h5 19. Qg5 Bh6
20. Qg3 b5 21. Ng5 Bxg5 22. Qxg5 b4 23. Na4 h4 24. Rd1 Rh5 25. Qf4 Nxe5 26. g4
$2 (26. Rde1 Rf5 27. Qxh4 Nc6 $14) 26... Rg5 $2 (26... hxg3 27. hxg3 Ra7 28.
Bg2 Bd7 29. Nc5 Bb5 30. Ree1 Qxc5 31. Rxe5 Rxe5 32. Qxe5 Rd7 $17 {
Svart trodde hvit skulle gå i fella og tillate en springergaffel på f3.}) 27.
Bg2 $2 f6 $4 {Her veksler det fort: fordelen går fra svart til hvit og tilbake
før man vet ordet av det.} ({Etter det naturlige} 27... Rxg4 28. Qf6 h3 29.
Qh8+ Ke7 30. Qxh3 Bb7 31. Rxe5 Rxg2+ 32. Qxg2 Qxe5 {står svart best.}) 28. Qxf6
Nf7 29. Rxd5 Rxd5 30. Bxd5 Rb8 31. Bxe6 Bxe6 32. Rxe6+ Kf8 {
Det eneste som ikke fører til matt.} (32... Kd7 33. Nc5+ Qxc5 (33... Kc8 34.
Re8+ Nd8 35. Qe6+ Qd7 36. Qxd7#) 34. Qxf7+ Qe7 35. Qxe7+ Kc8 36. Rc6#) 33. Nb6
{Det er fristende å få springeren ut fra off-side-posisjon, men nå kan svart
fort komme til motangrep mot feltet g2 og/eller førsteraden.} Rd8 34. Re1 $4 {
Kaster bort vinsten.} Rd6 $1 35. Re6 Rd1+ $4 (35... Qxb6 36. Rxd6 Qxd6 37.
Qxd6+ Nxd6 {bør vinne greit for svart.}) 36. Kg2 h3+ (36... Qb7+ 37. Kh3 Rg1 {
som formannen foreslo under analysene var bare tøys: hvit garderer lett alle
trusler med} 38. Rc6 {eller} (38. f3)) 37. Kxh3 Rh1 38. Re5 ({Enda bedre er:} 
38. f4 Rd1 39. Rc6 Qe7 40. Qxe7+ Kxe7 41. Rxg6) 38... Qxc2 $4 {Svarts konge og
springer er selvfølgelig hjelpesløse mote hvits dronning, tårn og springer. Nå
er det matt i 5.} 39. Nd7+ Kg8 40. Re8+ Kh7 41. Qxf7+ Kh6 42. Rh8+ {
Oppgitt. Det er matt med 43.f4 i neste trekk.} 1-0

[Event "Klubbmesterskapet 2011"]
[Site "Ås, Akershus NOR"]
[Date "2011.02.03"]
[Round "3"]
[White "Stensland, Martin"]
[Black "Moberg, Jan Rune"]
[Result "1-0"]
[WhiteElo "1168"]
[BlackElo "1574"]
[Annotator "TF/Fritz 10"]
[PlyCount "111"]

1. d4 Nf6 2. Nc3 Nc6 3. Bf4 d6 4. Nf3 g6 5. e3 Bg7 6. Be2 O-O 7. O-O e6 8. Bg5
a6 9. a3 Qe8 10. Bxf6 Bxf6 11. b4 e5 12. Nd5 Bd8 13. b5 axb5 14. Bxb5 Ra5 15.
a4 e4 16. Nd2 f5 17. Nc3 Qf7 18. Bc4 d5 19. Bb3 Ne7 20. f4 c5 21. dxc5 Rxc5 22.
Ne2 Ba5 23. Ba2 Rc7 24. Rb1 Bd7 25. c4 Be6 26. Nd4 Bxd2 27. Qxd2 dxc4 28. Qc3
Bd5 29. Nb5 Rd7 30. Nd4 Rc8 31. Rb6 Nc6 32. Nb5 Be6 33. h3 Rd3 34. Qc2 Nb4 35.
Qb2 Nxa2 36. Qxa2 Rxe3 37. Nd6 Qc7 38. Nxc8 Qxc8 39. Qb2 Qc5 (39... c3 40. Qa3
Rd3 41. Qe7 Bd5 42. Rc1 Qf8 43. Qxf8+ Kxf8 $15) 40. Kh2 c3 41. Qb5 Qc4 $2 (
41... Qxb5 42. axb5 Bd5 $17) 42. Qe8+ Kg7 43. Rxb7+ ({Etter} 43. Rxe6 {
må hvit ofre dronningen på tårnet på e6 for å unngå forsert matt. F.eks.} Qxf1
44. Re7+ Kh6 45. Qf8+ Kh5 46. Rxh7#) 43... Bf7 44. Qe5+ Kh6 45. Rc1 Rd3 46. Rc7
Qa2 47. R7xc3 Rd2 48. Rg1 e3 $6 49. Qxe3 Bd5 50. Qg3 Kg7 51. Rc7+ Bf7 52. Qc3+
Kh6 53. Qf6 (53. Rxf7 $1 Rxg2+ (53... Qxf7 54. Qxd2) 54. Rxg2 Qxf7 {
vinner raskest.}) 53... Qxa4 54. Rxf7 {Fritz mener at det er bedre å slå
løperen med dronningen for å gjøre svarts evigsjakk-sjanser mindre:} (54. Qxf7
Rxg2+ 55. Rxg2 Qxf4+ 56. Kg1 Qe3+ 57. Kf1 Qf3+ 58. Ke1 Qe3+ 59. Re2 Qg1+ 60.
Kd2 Qd4+ 61. Kc2 Qa4+ 62. Qb3) 54... Qxf4+ ({
Svarts siste mulighet var å håpe på evig sjakk med følgende tårnoffer:} 54...
Rxg2+ 55. Kxg2 Qe4+ 56. Kf2 Qxf4+ 57. Ke2 Qc4+ 58. Ke3 Qe4+ 59. Kd2 Qd5+ 60.
Kc2 Qc4+ 61. Qc3 Qa2+ 62. Kc1 Qxf7) 55. Kh1 Rd6 56. Qe7 1-0

[Event "Klubbmesterskapet 2011"]
[Site "Ås, Akershus NOR"]
[Date "2011.02.17"]
[Round "4"]
[White "Lea, Per"]
[Black "Stensland, Martin"]
[Result "1-0"]
[WhiteElo "1566"]
[BlackElo "1168"]
[Annotator "Lea,Per"]
[PlyCount "55"]
[EventDate "2011.01.20"]

1. e4 e5 2. Nf3 Nc6 3. Bc4 Nf6 4. Ng5 d5 5. exd5 Nxd5 6. Nxf7
Kxf7 7. Qf3+ Ke7 $4 8. Bxd5 Nd4 9. Qe4 (9. Qf7+ Kd6 10. Na3 Qe7 11. Nc4+ Kd7
12. Qxe7+ Kxe7 13. Kd1 c6 14. Be4 $16) 9... Nxc2+ $2 (9... Qd6 10. Bb3 Bd7 11.
O-O Bc6 12. Qe3 $14) 10. Kd1 $1 Qd6 $4 (10... Be6 11. Bxb7 Nxa1 12. Bxa8 Qd4
13. b3 Kf7 14. Qxd4 exd4 15. Bb2 Nxb3 16. axb3 Bxb3+ 17. Kc1 $18) 11. Kxc2 g6
12. d3 Bg7 13. Bg5+ Bf6 14. Bxf6+ Qxf6 15. Rf1 Bf5 16. Qb4+ Qd6 17. Qxd6+ cxd6
18. Bxb7 Rab8 19. Bd5 Rb6 20. Nc3 Rc8 21. Rae1 Rb5 22. Bb3 Rb4 23. Kd2 Rd4 24.
Re3 Rb8 25. f4 e4 $2 26. Nxe4 Kd8 27. Kc3 Rbb4 28. a3 {
Oppgitt. Svart blir liggende et helt tårn under.} 1-0

[Event "Klubbmesterskapet 2011"]
[Site "Ås, Akershus NOR"]
[Date "2011.02.17"]
[Round "4"]
[White "Olsen, Trygve"]
[Black "Garmark, Vegard"]
[Result "1-0"]
[WhiteElo "1246"]
[BlackElo "1100"]
[Annotator "Lea,Per"]
[PlyCount "99"]
[EventDate "2011.01.20"]

1. e4 e5 2. Bc4 Nc6 3. a3 Nf6 4. c3 Be7 5. d3 a6 6. Nd2 d6 7.
Ba2 O-O 8. h4 Be6 9. b3 d5 10. b4 dxe4 11. Bxe6 fxe6 12. dxe4 Qd3 13. Rh3 Qd7
14. Qe2 Qe8 15. h5 Nd8 16. g4 Nf7 17. Nf1 Ng5 $4 (17... Qc6 {
beholder klar fordel for svart.}) 18. Bxg5 h6 19. Bd2 c5 20. g5 hxg5 21. Ng3 g4
22. h6 $4 gxh3 23. Nxh3 Qg6 24. hxg7 Rf7 25. Qc4 Ng4 26. O-O-O Nxf2 27. Nxf2
Rxf2 28. Nf5 Qf7 $4 29. Nh6+ Kxg7 30. Nxf7 Kxf7 31. b5 axb5 32. Qb3 c4 33. Qxb5
Rxa3 34. Qxc4 b5 35. Qxb5 Ra2 36. Qb7 Kf8 37. Qc7 Ra1+ 38. Kc2 Ra2+ 39. Kd3 Ke8
40. Qxe5 Ra8 41. Qxe6 Rd8+ 42. Kc2 Rf6 43. Qc4 Rfd6 44. e5 R6d7 45. Qg8+ Bf8
46. e6 Rg7 47. Qh8 Ra8 48. Qh5+ Ke7 49. Qc5+ Ke8 50. Qc6+ 1-0

[Event "Klubbmesterskapet 2011"]
[Site "Ås, Akershus NOR"]
[Date "2011.03.21"]
[Round "4"]
[White "Weberg, Øivind"]
[Black "Bakken, Svein-Erik"]
[Result "1/2-1/2"]
[WhiteElo "1422"]
[BlackElo "1402"]
[PlyCount "127"]

1. e4 c5 2. Nf3 Nc6 3. d4 cxd4 4. Nxd4 a6 5. Be3 Nf6 6. f3 e6 7. c3 Qc7 8.
Be2 Be7 9. Nd2 O-O 10. g4 b5 11. Nf1 Bb7 12. Ng3 Rfd8 13. Qd2 d5 14. g5 Ne8 15.
O-O dxe4 16. f4 Rac8 17. Rad1 Nxd4 18. Bxd4 Bc5 19. Qe3 Bxd4 20. cxd4 Nd6 21.
f5 exf5 22. Nxf5 Nxf5 23. Rxf5 Re8 24. Bg4 Rcd8 25. Rc5 Qd6 26. h4 Bd5 27. b3
g6 28. Rdc1 f5 29. gxf6 Qxf6 30. Qf2 Rf8 31. Qxf6 Rxf6 32. Rc7 Rf4 33. Bc8 Rxh4
34. R1c5 e3 35. Rxd5 Rxd5 36. Be6+ Kh8 37. Bxd5 Rxd4 38. Bf3 Rd2 39. Re7 Rxa2
40. Rxe3 Kg7 41. Bb7 a5 42. Bc6 b4 43. Ba4 Kf6 44. Re8 Rd2 45. Ra8 Rd5 46. Kf2
h5 47. Ra6+ Kf7 48. Kg3 Rc5 49. Kh4 Re5 50. Ra8 Kg7 51. Ra6 Kf7 52. Rb6 Kg7 53.
Bb5 Kh6 54. Bd3 Rg5 55. Ra6 Rg4+ 56. Kh3 Rg5 57. Ra8 Re5 58. Bc4 Kg7 59. Kg3
Rc5 60. Ra6 Kh7 61. Kh4 Kh6 62. Ra8 Kg7 63. Ra7+ Kh6 64. Ra6 1/2-1/2

[Event "Klubbmesterskapet 2011"]
[Site "Ås, Akershus NOR"]
[Date "2011.02.17"]
[Round "4"]
[White "Simonsen, Steinar"]
[Black "Furnes, Torstein"]
[Result "0-1"]
[WhiteElo "1321"]
[BlackElo "1576"]
[PlyCount "90"]
[EventDate "2011.01.20"]

1. c4 e5 2. Nc3 Nf6 3. Nf3 Nc6 4. g3 Bc5 5. Bg2 O-O 6. O-O Re8 7. e4 a6 8. d3
d6 9. Bg5 h6 10. Be3 Bxe3 11. fxe3 Bg4 12. Qd2 Qd7 13. Nd5 Nxd5 14. cxd5 Ne7
15. Nh4 c5 16. Qf2 Rf8 17. Bf3 b5 18. Bxg4 Qxg4 19. Nf5 Nxf5 20. Qxf5 Qe2 21.
Qd7 Qxe3+ 22. Rf2 Rad8 23. Qc7 b4 24. Raf1 f6 25. Qe7 Qxd3 26. Qe6+ Kh8 27. Qf5
Qe3 28. Kg2 Qg5 29. Qe6 a5 30. Rf5 Qg6 31. Qe7 Qf7 32. Qe6 Qxe6 33. dxe6 Rde8
34. b3 Rxe6 35. R5f2 Rd8 36. Rd1 Re7 37. Rfd2 Red7 38. h4 Kg8 39. Kf3 Kf7 40.
h5 Ke6 41. Kg4 d5 42. Rxd5 Rxd5 43. Rxd5 Rxd5 44. exd5+ Kxd5 45. Kf5 e4 0-1

[Event "Klubbmesterskapet 2011"]
[Site "Ås, Akershus NOR"]
[Date "2011.03.03"]
[Round "5"]
[White "Moberg, Jan Rune"]
[Black "Lea, Per"]
[Result "0-1"]
[WhiteElo "1574"]
[BlackElo "1566"]
[PlyCount "62"]
[EventDate "2011.01.20"]

1. d4 d5 2. Nf3 Nf6 3. c4 e6 4. g3 c5 5. dxc5 Bxc5 6. Bg2 O-O 7. O-O b6 8. a3
a5 9. Nc3 Bb7 10. Na4 Bd6 11. Be3 Nbd7 12. Nd4 Nc5 13. Nc3 e5 14. Nf5 d4 15.
Nb5 Bxg2 16. Kxg2 Bb8 17. Bc1 Qd7 18. e4 Nfxe4 19. Qf3 Qb7 20. Bh6 gxh6 21.
Qg4+ Ng5+ 22. f3 Kh8 23. Nxh6 f6 24. h4 Nf7 25. Nf5 Rg8 26. Qh5 Ne6 27. Kh2 Ng7
28. Nxg7 Rxg7 29. Qf5 Qe7 30. b4 Nd6 31. Nxd6 Bxd6 0-1

[Event "Klubbmesterskapet 2011"]
[Site "Ås, Akershus NOR"]
[Date "2011.03.03"]
[Round "5"]
[White "Garmark, Vegard"]
[Black "Weberg, Øivind"]
[Result "1/2-1/2"]
[WhiteElo "1100"]
[BlackElo "1422"]
[Annotator "Lea,Per"]
[PlyCount "58"]
[EventDate "2011.01.20"]

1. e4 e6 2. d4 d5 3. exd5 {Blir gjerne sett på som en remisvariant - mye brukt
i siste runde i Landsturneringa blant spillere som ligger på 50% score og er
uten mulighet til å oppnå premie.} exd5 4. Nf3 Bg4 5. Be2 Nc6 6. Bf4 {
Strengt tatt er ikke dette noe optimalt felt for løperen. Den gamle regelen om
å utvilke springerne før løperne skulle tilsi at springeren på b1 flyttes ut
først. Avhengig av hva svart svarer, kan hvit så bestemme seg for hvor løperen
bør plasseres.} Bd6 7. Qd2 Nf6 8. Nc3 O-O 9. h3 Bf5 (9... Bxf3 10. Bxf3 Bxf4
11. Qxf4 Qe7+ 12. Ne2 Qb4+ 13. Qd2 Qxb2 14. O-O Qa3 {
med en liten fordel for svart.}) 10. g4 Ne4 11. Nxe4 Bxe4 12. c3 $2 Re8 (12...
Bxf3 13. Bxf3 Qf6 $1 14. Bxd5 Bxf4 15. Qd3 Rad8 16. Bf3 Rfe8+ {
med vinststilling for svart.}) 13. O-O-O f6 14. Rhg1 Re6 {Svart er i ferd med
å gi fra seg fordelen. Her er det bare å sette alle kluter til og håpe på å
komme først fram:} (14... b5 15. Bxd6 Qxd6 16. g5 b4 17. gxf6 bxc3 18. Rxg7+
Kh8 19. Qxc3 Nb4 20. Kd2 Qxf6 21. Rg3 {er en mulighet.}) 15. g5 Bxf4 16. Qxf4
Qd6 17. Qxd6 Rxd6 18. Nh4 fxg5 19. Rxg5 h6 20. Rg3 Re8 21. Bh5 Rf8 22. f3 Bh7
23. Rdg1 g5 24. Ng2 Kh8 25. h4 gxh4 26. Nxh4 Rg8 27. Rxg8+ Bxg8 28. Ng6+ Kh7
29. Nf8+ ({Hvit står litt mer aktivt og bør vel prøve å utnytte det, feks.:} 
29. Kd2 Rf6 30. Ne5 Be6 31. Bg6+ Kg7 32. Be8+ Kf8 33. Bxc6 bxc6 34. Ke3 Bc8 {
og det er nok hvit som sitter i førersetet, selv om sluttresultatet slett ikke
er gitt!}) 29... Kh8 1/2-1/2

[Event "Klubbmesterskapet 2011"]
[Site "Ås, Akershus NOR"]
[Date "2011.03.03"]
[Round "5"]
[White "Furnes, Torstein"]
[Black "Olsen, Trygve"]
[Result "1-0"]
[WhiteElo "1576"]
[BlackElo "1250"]
[PlyCount "49"]
[EventDate "2011.01.20"]

1. d4 d5 2. c4 c6 3. e3 Nf6 4. Nf3 Nbd7 5. Nc3 Ne4 6. Qc2 Nxc3 7. Qxc3 g6 8.
cxd5 cxd5 9. Bd3 Bg7 10. O-O O-O 11. b3 Nf6 12. Ba3 a6 13. Rac1 Nd7 14. Rc2 Bf6
15. Rfc1 Kg7 16. Ne5 Nb6 17. Qb4 a5 18. Qd2 Nd7 19. f4 Rg8 20. Rc7 e6 21. Nxd7
Bxd7 22. Rxb7 Rc8 23. Rxc8 Bxc8 24. Ra7 Qb6 25. Bc5 1-0

[Event "Klubbmesterskapet 2011"]
[Site "Ås, Akershus NOR"]
[Date "2011.03.10"]
[Round "6"]
[White "Weberg, Øivind"]
[Black "Furnes, Torstein"]
[Result "0-1"]
[WhiteElo "1422"]
[BlackElo "1576"]
[Annotator "Furnes,Torstein"]
[PlyCount "124"]

{Jeg har som vanlig de svarte brikkene mot Øivind. Etter årtusenskiftet har vi
spilt 14 partier med full betenkningstid, og jeg har hatt svart i 12 av disse
! Ifølge mine beregninger er det ca. 0.65 % sannsynlighet for å få minst 12
svarte partier av 14.} 1. e4 c5 2. Nf3 Nc6 3. d4 cxd4 4. Nxd4 e5 5. Nb5 d6 6.
N1c3 a6 7. Na3 b5 8. Nd5 Nf6 9. Bg5 Be7 10. Bxf6 Bxf6 11. c3 O-O 12. Nc2 Bg5
13. h4 ({Hovedvarianten i denne stillingen er:} 13. a4 bxa4 14. Rxa4 a5 15. Bc4
Rb8 16. b3 Kh8 17. O-O f5) 13... Bh6 14. g4 f6 {
Denne stillingen har jeg hatt 5 ganger tidligere i langpartier mot Øivind.} 15.
Bh3 ({Tre ganger har vi spilt} 15. Nce3 Bxe3 16. Nxe3) ({
I klubbmesterskapet 2008 spilte vi} 15. a4 Rb8 16. axb5 axb5 17. c4 bxc4 18.
Bxc4 Kh8 {, mens teksttrekket har vi spilt en gang tidligere.}) 15... Ne7 {
Dette er Fritz 10 sitt førstevalg, men andre alternativer er} (15... Bb7) (
15... Kh8) 16. g5 {Interessant!} ({Klubbmesterskapet 2010 spilte vi} 16. a4
bxa4 17. Rxa4 Bb7) 16... Bxh3 $6 {Jeg likte ikke tanken på å slå igjen på g5,
pga Sxe7+ fulgt av Dd5+ og tårnet på a8 henger. Men ifølge Fritz 10 får svart
god fordel i den varianten. F.eks.} (16... fxg5 $1 17. Nxe7+ $6 Qxe7 18. Qd5+
$6 Kh8 19. Qxa8 Bxh3 20. Qxa6 g4 21. Qxb5 Qxh4 {og selv om hvit leder med
kvalitet og har to fribønder på dronningfløyen, vurderer Fritz 10 svarts
fordel til å være verdt over 5 poeng i denne stillingen.}) 17. gxh6 Be6 18.
hxg7 Kxg7 {Hvit har oppnådd å svekke svarts kongestilling, og Fritz 10
vurderer hvits fordel nå til å være på ca. 0.5. Fritz ville nå spilt Dd2 fulgt
av lang rokade.} 19. Nce3 Nxd5 20. Nxd5 (20. exd5) 20... f5 21. f3 Bxd5 (21...
Rc8) 22. Qxd5 Qb6 23. Ke2 $6 {Ifølge Fritz en feil som gjør at fordelen tipper
over til svart. Lang rokade ville beholdt hvit fordel på ca. 0.5 poeng.} (23.
O-O-O) ({Etter} 23. exf5 {kan ikke svart slå igjen på f5 fordi tårnet på a8 da
henger. Men Fritz mener det likevel ikke er noe å vinne på det for hvit. F.eks.
} Qe3+ 24. Kd1 Rac8 25. Re1 Qf4 26. Qe4 Qxf5) 23... fxe4 24. Qxe4 Rad8 (24...
Kh8) 25. Rhg1+ Kh8 26. Rg4 Rf7 27. Rag1 Qc7 28. Qd5 Rdf8 29. h5 Qb7 30. Qxb7
Rxb7 31. Rd1 Rd7 32. Ke3 d5 33. Rg5 d4+ 34. cxd4 exd4+ 35. Rxd4 Rxf3+ 36. Kxf3
Rxd4 37. Rg2 Rh4 38. Ke3 {Hvit kunne prøvd} (38. Rg5 Rh2 39. Rc5 Rxb2 40. h6
Kg8 41. Rc8+ Kf7 42. Rc7+ Kg6 43. Rc6+ Kf5 44. Rxa6) 38... Rxh5 39. Kd4 a5 40.
b3 h6 41. Rc2 Rg5 42. Ke4 Kg7 43. Kf4 Kg6 44. a3 Rf5+ 45. Kg4 h5+ 46. Kh4 Rf4+
47. Kg3 Kg5 48. Rc5+ Rf5 49. Rc2 h4+ 50. Kh3 $2 (50. Kh2) 50... Rf3+ 51. Kg2
Rxb3 52. a4 bxa4 53. Rc5+ Kf4 (53... Kf6 {
gir raskest vinst ifølge dataprogrammene.}) 54. Rxa5 {Dermed er vi over i et
6-brikkers sluttspill, og sluttspilldatabaser kan da fortelle at svart i denne
stillingen har matt i 25 trekk. Litt lenger motstand kunne det blitt med} (54.
Rc4+ Ke3 55. Rxa4 (55. Rxh4 Rb2+ {er matt i 25.}) 55... Rb5 {
er matt i 31 trekk.}) 54... h3+ 55. Kh2 a3 56. Ra4+ Ke3 57. Kxh3 Kd2+ 58. Kg2
Kc2 59. Rf4 a2 60. Rf2+ Kb1 61. Rf1+ Kb2 62. Rf2+ Ka3 {
Hvit blir matt i maks 13 trekk.} 0-1

[Event "Klubbmesterskapet 2011"]
[Site "Ås, Akershus NOR"]
[Date "2011.03.17"]
[Round "7"]
[White "Lea, Per"]
[Black "Simonsen, Steinar"]
[Result "1-0"]
[WhiteElo "1566"]
[BlackElo "1321"]
[PlyCount "37"]
[EventDate "2011.01.20"]

1. d4 {Definitivt en sjeldenhet fra min hånd. I løpet av 591 langsjakkpartier
i  klubbturneringer fra 1965 til i dag  (O.S.S, Akademisk, Veitvet, Ås, Follo)
har jeg spilt det 7 ganger (2 ganger mot Arne Melby, stikk-kamp vårturneringa
1973  klasse I+II, O.S.S.: remis og tap. Egil Nyheim, vårturnering Veitvet
1974:  remis. Gudmund Stenersen, vårturnering Ås 1985: tap. Alf Wilberg, 
klubbmesterskap Ås 1989: remis. Jan Teigen, klubbmesterskap Ås 1990: Tap. 
Willie Kalunga, klubbmesterskap 1996: seier. Ikke spesielt imponerende, med
andre ord...)   I løpet av 144 lagkamper har jeg ikke spilt det en eneste gang,
og i løpet av 8 landsturneringer (72  partier) har jeg spilt det 1 gang (mot
Enok Stangeland, Landsturneruinga 1974,  klasse 2: remis)} d5 2. c4 e6 3. Nc3
dxc4 {Tvilsomt. Hvis svart vil ta i mot bonden, bør han enten gjøre det med en
gang (dvs. i trekk 2), eller etter at hvit har spilt bonden til e3 og løperen
til d3.} 4. e4 Nf6 5. Bxc4 Bb4 6. e5 Bxc3+ $2 (6... Nd5 {
gir større muligheter for svart, f.eks.:} 7. Nge2 Nc6 8. O-O O-O 9. Be3 Nxe3
10. fxe3 Qh4 11. Nf4 {med klar fordel for hvit.}) 7. bxc3 Nd5 8. Ne2 O-O 9. O-O
b6 10. f4 Bb7 11. f5 exf5 12. Rxf5 Ba6 $2 {
Å utvikle springeren til c6 er nok mer naturlig.} 13. Bxa6 Nxa6 14. Qd3 Nb8 (
14... Qd7 {burde vært forsøkt, men etter} 15. Ng3 Qc6 16. Rf3 b5 17. Nf5 f6 18.
Rg3 {står allikevel hvit til vinst.}) 15. Rh5 f5 16. Qh3 $1 {
Enda sterkere enn å slå på f5 med tårnet.} h6 ({
Men det er ikke noe mer fristende å spille:} 16... Qe8 17. Rxh7 Qg6 18. Rh8+
Kf7 19. c4 Rxh8 20. Qxh8 Ne7 21. d5 Ng8 22. e6+ Ke7 23. Ba3+) 17. Bxh6 {
Selv uten å ha full oversikt over alle varianter er dette et trekk som bare
BER om å bli spilt...} Qd7 $2 {Det minste av ganske mange onder er:} (17...
gxh6 18. c4 Qd7 19. cxd5 f4 20. Qh4 Qg7 21. Nxf4) 18. Bc1 {Fritz 11 vil ha den
til d2 i stedet, men jeg vurderte det dithen at jeg ville beholde muligheten
til å sjakke på a3 i visse varianter. På g5 tar den viktige fluktfelt for
kongen, men hindrer samtidig hvit i å slå med tårnet på f5 i noen varianter.}
f4 $4 {Taper i stor stil, men stillingen var totalt håpløs.} 19. e6 $1 {
Hvis svarts dronning går, er det matt på h8. Og hvis den ikke går, kan hvit
bare slå den. Svart gaopp} 1-0

[Event "Klubbmesterskapet 2011"]
[Site "Ås, Akershus NOR"]
[Date "2011.03.17"]
[Round "7"]
[White "Stensland, Martin"]
[Black "Weberg, Øivind"]
[Result "0-1"]
[WhiteElo "1168"]
[BlackElo "1422"]
[Annotator "Lea, Per"]
[PlyCount "59"]
[EventDate "2011.01.20"]

1. e4 e5 2. Nf3 Nc6 3. Bb5 a6 4. Ba4 Nf6 5. Nc3 Be7 6. d4 exd4 7. Nxd4 Nxd4 8.
Qxd4 b5 9. e5 Ng4 10. Qd5 Rb8 11. e6 dxe6 12. Qxd8+ Bxd8 13. Bxb5+ axb5 14. Ne4
Be7 15. O-O Nf6 16. Ng3 O-O 17. b3 Ba6 18. Bf4 Rbc8 19. Rfe1 Rfd8 20. c3 Nd5
21. Bd2 Bf6 22. Ne4 Be7 23. a4 bxa4 24. Rxa4 Bd3 25. c4 Bxe4 26. Rxe4 Nb4 27.
Re2 Ra8 28. Bxb4 Bxb4 29. g3 Rxa4 30. bxa4 {
Kluss i noteringa, men stillingen er lett vunnet for svart.} 0-1

[Event "Klubbmesterskapet 2011"]
[Site "Ås, Akershus NOR"]
[Date "2011.03.17"]
[Round "7"]
[White "Furnes, Torstein"]
[Black "Høva, Frode"]
[Result "1-0"]
[WhiteElo "1576"]
[BlackElo "1562"]
[Annotator "Furnes,Torstein"]
[PlyCount "97"]

1. d4 Nf6 2. c4 g6 3. Nc3 d5 4. cxd5 Nxd5 5. e4 Nxc3 6. bxc3 Bg7 7. Nf3 c5 8.
Bb5+ ({Hovedvarianten i åpningsbiblioteket til Fritz er:} 8. Rb1 O-O 9. Be2
cxd4 10. cxd4 Qa5+ 11. Bd2 Qxa2 12. O-O {med liten hvit fordel.}) 8... Bd7 9.
Bxd7+ Qxd7 10. O-O cxd4 11. cxd4 O-O 12. Be3 Nc6 13. d5 Ne5 ({
Det er dårlig å slå tårnet:} 13... Bxa1 $2 14. Qxa1 Nd8 15. Bh6 f6 16. Bxf8
Kxf8 {med hvit fordel.}) 14. Nxe5 Bxe5 15. Bd4 Qd6 16. Bxe5 Qxe5 17. Qe2 e6 18.
Rad1 Rfd8 19. dxe6 (19. f4 $5) 19... Qxe6 20. Rxd8+ Rxd8 21. Qc2 Rc8 22. Qe2
Rc4 23. f3 Qc6 24. Rd1 Qc5+ 25. Kf1 Rc2 26. Rd2 Rc1+ 27. Rd1 Kf8 28. Rxc1 Qxc1+
29. Kf2 Ke7 30. Kg3 Qg5+ 31. Kf2 Qc5+ 32. Kg3 b5 33. h4 a5 34. Qd2 $2 (34. Kh3)
34... Qd6+ 35. Qf4 (35. Qxd6+ $4 Kxd6 36. Kf4 Kc5 {vinner lett for svart.})
35... Qxf4+ 36. Kxf4 b4 $6 {
Etter dette trekket får hvit en liten fordel. Svart måtte forsøkt:} (36... Kd6
37. Ke3 Kc5 {og svart står best. En mulig fortsettelse kunne blitt:} 38. f4 Kc4
39. g4 a4 40. e5 Kd5 41. Kd3 b4 {og svart vinner.}) 37. Ke5 a4 38. Kd4 b3 39.
axb3 axb3 40. Kc3 Kd6 (40... b2 $2 41. Kxb2 Kd6 42. f4) 41. Kxb3 Ke5 42. Kc4
Kf4 43. Kd5 h6 $2 {Tapstrekket. Kg3 ville holdt remis. F.eks.} (43... Kg3 44.
Ke5 Kxg2 45. Kf6 Kxf3 46. e5 Kf4 47. Kxf7 Kxe5 48. Kg7 Kf4 49. Kxh7 {med remis.
}) 44. Kd6 g5 45. hxg5 hxg5 46. Ke7 f5 47. exf5 Kxf5 48. g3 Kg6 49. Ke6 {
Svart blir matt i 16 trekk.} 1-0